• 首页
  • 本馆介绍
  • 公告通知
  • 最新文献
  • 馆藏检索
  • 电子资源
  • 读者导购
  • 参考咨询
  • 我的图书馆
  • 登录
  • 详细信息显示
  • 放入我的书架
  • 预约/预借图书
  • 作者相关作品
  • 分类相关作品
  • 丛书相关作品
  • 出版社相关作品

书目信息

  • 表格格式
  • 工作单格式
  • 卡片格式
题名:
世界共产主义运动
    
 
作者: 扎格拉金 , Загладин 主编 ;刘庚岑 , 李兴汉 , 陈联璧 译
分册:  
出版信息: 北京   中国人民大学出版社  1987
页数: 565页
开本: 20cm
丛书名:
单 册:
中图分类: D18 , D1
科图分类:
主题词: 共产主义运动--世界 , 国际共产主义运动
电子资源:
ISBN: 7-300-00034-7
000 01091nam0 2200325 45
001 0187000690
005 20040427145220.5
010    @a7-300-00034-7@dCNY3.80
100    @a19900808d1987 kemy0chiy0121 ea
101 1  @achi@crus
102    @aCN@b110000
105    @ay z 000yy
106    @ar
200 10 @a世界共产主义运动@Ashi jie gong chan zhu yi yun dong@f(苏)扎格拉金(Загладин,В.В.)主编@g刘庚岑等译
210    @a北京@c中国人民大学出版社@d1987
215    @a565页@d20cm
300    @a书名原文: Мировое коммунистическое движение
510 1  @aМировое коммунистическое движение@zrus
606    @a共产主义运动@y世界
606 0  @a国际共产主义运动
690    @aD18@v3
690    @aD1
701  1 @a扎格拉金@Azha ge la jin@bВ.В.@4主编
701 A1 @aЗагладин@bВ.В.@4主编
702  0 @a刘庚岑@Aliu geng cen@4译
702  0 @a李兴汉@Ali xing han@4译
702  0 @a陈联璧@Achen lian bi@4译
801  0 @aCN@b深圳图书馆@c20040427
801  2 @aCN@bNLC@c20040427
905    @f2@b205330-331@dD1@e31
    
    世界共产主义运动/(苏)扎格拉金(Загладин,В.В.)主编/刘庚岑等译.-北京:中国人民大学出版社,1987
    565页;20cm
    书名原文: Мировое коммунистическое движение
    
    ISBN 7-300-00034-7:CNY3.80
    
●
相关链接 在E读中查询图书 在五车中查询图书 在当当中查询图书 在豆瓣中查询图书


正题名:世界共产主义运动     索取号:D1/31         预约/预借

序号 登录号 条形码 馆藏地/架位号 状态 备注
1 0205330   001011452   第一借阅区/ [索取号:D1/31] 在馆    
2 0205331   001011461   第一借阅区/ [索取号:D1/31] 在馆    
3 0205332   002050782   第一样本阅览室/ [索取号:D1/31] 在馆    
唐山师范学院图书馆 欢迎您!
大连网信软件有限公司© 版权所有